Loading...

An Appraisal of the Marine Fisheries of Gujarat

Bibliographic Details
Main Author: CMFRI
Format: Printed Book
Published: Cochi CMFRI 1987
LEADER 00423nam a22001217a 4500
082 |a 639.2  |b CEN/AP  
100 |a CMFRI 
245 |a An Appraisal of the Marine Fisheries of Gujarat 
260 |a Cochi  |b CMFRI  |c 1987 
300 |a 51p 
942 |c BK 
999 |c 26254  |d 26254 
952 |0 0  |1 0  |4 0  |6 639_200000000000000_CEN_AP  |7 0  |8 REF  |9 36900  |a KUFOS  |b KUFOS  |c CC  |d 2018-01-01  |o 639.2 CEN/AP  |p R96  |r 2018-01-01  |w 2018-01-01  |y BK  |z CMFRI Special Publication No.38